Countries Ending In -L - Statistics

General Stats
  • This quiz has been taken 73 times
    66 since last reset
  • The average score is 3 of 5
Answer Stats
Countries % Correct
Israel
71%
Portugal
65%
Senegal
65%
Nepal
64%
Brazil
62%
No matching quizzes found
Score Distribution
Percent of People with Each Score
Percentile by Number Answered
Your Score History
You have not taken this quiz since the last reset